000
00321 a2200145 4500
001
153973
040
_c
Escola São Tomás de Aquino
100
_a
Toquinho
240
1
0
_a
Aquarela
_l
por
245
1
0
_a
Aquarela
362
0
_a
2004
440
1
_a
Companhia Editora Nacional
697
_a
*LITERATURA INFANTIL
942
_c
BK
999
_c
153973
_d
153973